| 000 | 00753nam a22001337a 4500 | ||
|---|---|---|---|
| 040 | _cRUA | ||
| 082 | _aAGR OM 2020 B1-490 Or. | ||
| 100 | _aOM SOVANNY អ៊ុំ សុវន្នី | ||
| 245 | _aNITROGEN AND IRRIGATION UTILIZATION ON POK CHOY (Brassica chinensis) PRODUCTION UNDER HIGH TUNNEL CONDITION ON LOAMY SOIL TEXTUER ការប្រើប្រាស់អាសូត និងការស្រោចស្រពលើដំណាំស្ពៃតឿក្រៀមលក្ខខណ្ឌផ្ទះសំណាញ់លើដីល្បាយ | ||
| 260 |
_aPHNOM PENH _bRUA _c2020 |
||
| 300 |
_aIX. 36P _bVII. _c29CM |
||
| 856 | _uhttps://drive.google.com/file/d/1KV2oTr6CbEc-w68rwZlejxi9FgPfDlmH/view?usp=sharing | ||
| 942 | _cAGR | ||
| 999 |
_c23519 _d23519 |
||